All Opening Moves in Chess - Statistics

General Stats
  • This quiz has been taken 23 times
  • The average score is 6 of 20
Answer Stats
Move Name % Correct
e4 King's Pawn
86%
d4 Queen's Pawn
76%
c4 English
67%
Nf3 Reti
48%
g4 Grob
38%
b4 Polish
38%
f3 Barnes
24%
f4 Bird's
24%
Na3 Sodium
19%
Nc3 Van Geet
19%
a4 Ware
19%
Nh3 Amar
14%
h4 Kadas
14%
g3 King's Fianchetto
14%
d3 Mieses
14%
c3 Saragossa
14%
h3 Clemenz
10%
b3 Nimzowitsch-Larsen
10%
e3 Van't Kruijs
10%
a3 Andersson
0%
No matching quizzes found
Score Distribution
Percent of People with Each Score
Percentile by Number Answered
Your Score History
You have not taken this quiz